[Event "Int. Stuttgarter Stadtmeisterschaft C"]
[Site "Ditzingen"]
[Date "2014.05.29"]
[Round "2.13"]
[White "Leutschaft, Jonathan"]
[Black "St�ckler, Klaus J"]
[Result "1-0"]
[WhiteElo "962"]
[BlackElo "1224"]
[PlyCount "43"]
[EventDate "2014.??.??"]
[WhiteTeam "SF 59 Kornwestheim"]
[BlackTeam "SC Grunbach"]

1. e4 e5 2. Nf3 Nc6 3. Bc4 Nf6 4. Nc3 Bc5 5. d3 Qe7 6. O-O d6 7. Bg5 h6 8. Nd5
Qd8 9. Nxf6+ gxf6 10. Be3 Bg4 11. c3 Qd7 12. d4 Bb6 13. Bb5 O-O-O 14. d5 Rdg8
15. Re1 Rg7 16. dxc6 bxc6 17. Be2 h5 18. Qd2 Bxe3 19. Qxe3 h4 20. Qxa7 Kd8 21.
Qb8+ Ke7 22. Qxh8 1-0

[Event "Int. Stuttgarter Stadtmeisterschaft C"]
[Site "Ditzingen"]
[Date "2014.05.29"]
[Round "2.14"]
[White "J�ttner, Mark"]
[Black "Perez Berroth, Pablo"]
[Result "1-0"]
[WhiteElo "1267"]
[BlackElo "867"]
[PlyCount "59"]
[EventDate "2014.??.??"]
[WhiteTeam "SpVgg Rommelshausen"]
[BlackTeam "SSV Zuffenhausen"]

1. f4 d5 2. Nf3 Nf6 3. e3 Bg4 4. h3 Bxf3 5. Qxf3 e6 6. b3 Ne4 7. d3 Qf6 8. c3
Nxc3 9. Bb2 Bb4 10. Nd2 c6 11. a3 Be7 12. Rc1 Nb5 13. Bxf6 Bxf6 14. a4 Nd6 15.
e4 O-O 16. e5 Bh4+ 17. g3 Nf5 18. gxh4 Nxh4 19. Qg4 Nf5 20. h4 Ne3 21. Qg5 h6
22. Qg1 Nf5 23. Bh3 Nd6 24. exd6 Nd7 25. Qg3 Rad8 26. Rg1 g6 27. h5 Kh8 28.
hxg6 fxg6 29. Qxg6 Rg8 30. Qxh6# 1-0

[Event "Int. Stuttgarter Stadtmeisterschaft C"]
[Site "Ditzingen"]
[Date "2014.05.29"]
[Round "2.15"]
[White "Eid, Sami"]
[Black "J�ttner, Dennis"]
[Result "0-1"]
[WhiteElo "800"]
[BlackElo "1098"]
[PlyCount "118"]
[EventDate "2014.??.??"]
[WhiteTeam "SF Freiberg"]
[BlackTeam "SpVgg Rommelshausen"]

1. e4 e6 2. d4 d5 3. e5 c5 4. c3 cxd4 5. cxd4 Nc6 6. Nf3 Bb4+ 7. Bd2 Bxd2+ 8.
Qxd2 Qb6 9. b3 f6 10. Qe3 Nge7 11. Nc3 Nb4 12. Qe2 Qc6 13. Qb5 a5 14. Kd1 O-O
15. Qxc6 Nexc6 16. a3 Na6 17. Bxa6 Rxa6 18. Re1 Rb6 19. b4 axb4 20. axb4 Rxb4
21. Ra8 Nxd4 22. Nxd4 Rxd4+ 23. Kc1 Rc4 24. Kc2 b5 25. Kb2 b4 26. Nb5 Bd7 27.
Rxf8+ Kxf8 28. Nd6 Rc3 29. Rc1 Rxc1 30. Kxc1 b3 31. Kb2 Ba4 32. exf6 gxf6 33.
h3 d4 34. Nc4 Ke7 35. g4 Kd7 36. f4 Ke7 37. g5 fxg5 38. fxg5 Kf7 39. Ka3 Bb5
40. Kxb3 d3 41. Nd2 Kg6 42. Kb4 Bd7 43. Kc3 Kxg5 44. Kxd3 e5 45. Kc4 Bxh3 46.
Nf3+ Kf4 47. Kd5 Kxf3 48. Kxe5 h5 49. Kf6 Kg4 50. Ke5 Bg2 51. Kd4 h4 52. Ke3 h3
53. Kf2 Bc6 54. Kg1 Kg3 55. Kf1 h2 56. Ke1 h1=Q+ 57. Ke2 Qf3+ 58. Ke1 Qe3+ 59.
Kf1 Qf2# 0-1

[Event "Int. Stuttgarter Stadtmeisterschaft C"]
[Site "Ditzingen"]
[Date "2014.05.29"]
[Round "2.16"]
[White "Hauger, Albrecht"]
[Black "Pillin, Josef"]
[Result "1-0"]
[WhiteElo "1060"]
[BlackElo "786"]
[PlyCount "49"]
[EventDate "2014.??.??"]
[WhiteTeam "SC Magstadt"]
[BlackTeam "SSV Zuffenhausen"]

1. d4 d5 2. e3 Nc6 3. c4 e6 4. a3 g6 5. Nc3 Nge7 6. Nf3 Bg7 7. b3 O-O 8. Be2 e5
9. dxe5 Bxe5 10. Nxe5 Nxe5 11. cxd5 Re8 12. e4 c6 13. d6 Be6 14. dxe7 Qxd1+ 15.
Bxd1 Rxe7 16. O-O Rd8 17. Bg5 Rdd7 18. Bxe7 Rxe7 19. Bc2 b5 20. b4 a6 21. Rfd1
Nc4 22. Nb1 Nb2 23. Rd8+ Kg7 24. Nd2 Bd7 25. Rb1 1-0

[Event "Int. Stuttgarter Stadtmeisterschaft C"]
[Site "Ditzingen"]
[Date "2014.05.29"]
[Round "2.17"]
[White "Hoffmann, Simon"]
[Black "Mei�ner, Mogens"]
[Result "0-1"]
[WhiteElo "785"]
[BlackElo "1049"]
[PlyCount "56"]
[EventDate "2014.??.??"]
[WhiteTeam "Schach-Kids Bernhausen e.V."]
[BlackTeam "SK Bietigheim-Bissingen"]

1. e4 e5 2. Nf3 Nc6 3. Bc4 Nf6 4. Ng5 d5 5. exd5 Na5 6. Bb5+ c6 7. dxc6 bxc6 8.
Ba4 h6 9. Nf3 Bc5 10. O-O O-O 11. c3 Bg4 12. b4 e4 13. Ne5 Bxd1 14. Rxd1 Bb6
15. bxa5 Bxa5 16. Nxc6 Qc7 17. Nxa5 Qxa5 18. Bc6 Rac8 19. Bb7 Rc7 20. Bxe4 Nxe4
21. Re1 Qa4 22. f3 Nc5 23. Re5 Qd1+ 24. Kf2 Nd3+ 25. Kg3 Nxe5 26. Ba3 Qc2 27.
f4 Nc4 28. Bxf8 Kxf8 0-1

[Event "Int. Stuttgarter Stadtmeisterschaft C"]
[Site "Ditzingen"]
[Date "2014.05.29"]
[Round "2.18"]
[White "Ungerer, Tobias"]
[Black "Reichardt, Felix  Alexander"]
[Result "0-1"]
[WhiteElo "1045"]
[BlackElo "768"]
[PlyCount "86"]
[EventDate "2014.??.??"]
[WhiteTeam "Schach-Kids Bernhausen e.V."]
[BlackTeam "Schachfreunde Markgr�flerland e."]

1. e4 e6 2. d4 d5 3. Nc3 Bb4 4. Bd2 Bxc3 5. Bxc3 Nf6 6. e5 Nfd7 7. Nf3 c5 8.
Bb5 Nc6 9. Bd2 cxd4 10. Bg5 Qb6 11. Bxc6 bxc6 12. Nxd4 Ba6 13. Qd3 Bxd3 14.
cxd3 Qxd4 15. O-O Qxe5 16. f4 Qd4+ 17. Kh1 Qxb2 18. Rfc1 Nc5 19. Rab1 Qxa2 20.
f5 exf5 21. Re1+ Kd7 22. Re7+ Kc8 23. Rbe1 Ne6 24. Be3 Rb8 25. Rxa7 Qxa7 26.
Bxa7 Ra8 27. Ra1 Kb7 28. Bd4 Rxa1+ 29. Bxa1 Ra8 30. Bc3 Ra3 31. Bb2 Rb3 32. Kg1
Rxb2 33. Kf1 Kb6 34. h4 Kb5 35. g3 Kb4 36. h5 Kc3 37. h6 gxh6 38. g4 fxg4 39.
d4 Kd3 40. Kg1 Ke3 41. Kh1 Kf3 42. Kg1 g3 43. Kf1 Rb1# 0-1

[Event "Int. Stuttgarter Stadtmeisterschaft C"]
[Site "Ditzingen"]
[Date "2014.05.29"]
[Round "2.19"]
[White "Kappler, Roswitha"]
[Black "Ustaosman, Hasan"]
[Result "0-1"]
[WhiteElo "764"]
[BlackElo "1007"]
[PlyCount "70"]
[EventDate "2014.??.??"]
[WhiteTeam "SG Fasanenhof"]
[BlackTeam "TSG Steinheim"]

1. e4 Nc6 2. c3 Nf6 3. Bd3 d5 4. Nf3 dxe4 5. Bc4 exf3 6. Qxf3 e5 7. d3 h6 8.
O-O Bd6 9. Nd2 O-O 10. Ne4 Be7 11. Nxf6+ Bxf6 12. Qg3 Bh4 13. Qg6 Ne7 14. Qe4
Ng6 15. Qxg6 Qf6 16. Qh5 Bg5 17. Bxg5 hxg5 18. Rae1 Be6 19. Bxe6 Qxe6 20. Re3
f6 21. Rh3 Qd5 22. f3 Rad8 23. Qg6 Rd7 24. Rh7 Rff7 25. Rb1 Qxd3 26. Re1 Qd2
27. Kf1 Qxb2 28. Re2 Qxc3 29. Kf2 Qd4+ 30. Kg3 c5 31. Re4 Qb2 32. Ra4 Rd2 33.
Rxa7 Rxg2+ 34. Kh3 Rxh2+ 35. Kg3 Qg2# 0-1

[Event "Int. Stuttgarter Stadtmeisterschaft C"]
[Site "Ditzingen"]
[Date "2014.05.29"]
[Round "3.1"]
[White "Barna, Janos"]
[Black "Bender, Jonas"]
[Result "0-1"]
[WhiteElo "1252"]
[BlackElo "1448"]
[PlyCount "112"]
[EventDate "2014.??.??"]
[WhiteTeam "SC Leinfelden"]
[BlackTeam "SV Calw"]

1. e4 c5 2. Nf3 g6 3. d4 cxd4 4. Nxd4 Bg7 5. c3 Nc6 6. Nxc6 bxc6 7. Nd2 d5 8.
Qc2 Nf6 9. Be2 O-O 10. O-O Qc7 11. exd5 cxd5 12. h3 e5 13. Nf3 Bf5 14. Qd1 h6
15. Re1 Rad8 16. Bf1 Ne4 17. Be3 Rfe8 18. Qc1 Kh7 19. a4 Nc5 20. Ra3 Nd3 21.
Bxd3 Bxd3 22. Ra1 Rc8 23. Qd2 Be4 24. Qe2 Bf5 25. Qd2 Qb7 26. Qe2 d4 27. cxd4
exd4 28. Qb5 Qxb5 29. axb5 dxe3 30. fxe3 Re7 31. Nd4 Bxd4 32. exd4 Rxe1+ 33.
Rxe1 Rb8 34. Re7 Kg7 35. Rxa7 Rxb5 36. g4 Be6 37. Kf2 Rxb2+ 38. Ke3 Rb3+ 39.
Ke4 Rxh3 40. d5 Bxg4 41. d6 Bf5+ 42. Kd5 Kf6 43. Ra6 Kg5 44. Ra7 f6 45. Kc5 Rd3
46. Kc6 Kf4 47. Ra5 h5 48. Ra7 h4 49. Ra4+ Ke5 50. Rxh4 Rxd6+ 51. Kc5 Be4 52.
Kc4 f5 53. Kc3 f4 54. Rh2 Rd3+ 55. Kc4 f3 56. Rf2 Kf4 0-1

[Event "Int. Stuttgarter Stadtmeisterschaft C"]
[Site "Ditzingen"]
[Date "2014.05.29"]
[Round "3.2"]
[White "Mijic, Marcel"]
[Black "Yi, Danny"]
[Result "1-0"]
[WhiteElo "1198"]
[BlackElo "1405"]
[PlyCount "112"]
[EventDate "2014.??.??"]
[WhiteTeam "SF Birkenfeld"]
[BlackTeam "SF 59 Kornwestheim"]

1. e4 e5 2. f4 exf4 3. Nf3 Nc6 4. Bc4 Be7 5. O-O d6 6. d4 Nf6 7. Nc3 O-O 8.
Bxf4 Bg4 9. Qd2 Nxe4 10. Nxe4 d5 11. Bxc7 Qxc7 12. Bxd5 Rad8 13. c4 Bf5 14. Ng3
Bg4 15. Ne2 Bd6 16. Bxc6 Qxc6 17. c5 Bxc5 18. Qf4 Bxf3 19. Rxf3 Bd6 20. Qf5 Qc4
21. Qd3 Qxd3 22. Rxd3 Rfe8 23. Rd2 Bb4 24. Rc2 g6 25. Rd1 Rc8 26. Rdc1 Rxc2 27.
Rxc2 Bd6 28. h3 Kg7 29. Kf2 Kf6 30. Nc3 a6 31. Nd5+ Kg7 32. Re2 Rxe2+ 33. Kxe2
f5 34. Nb6 Kf7 35. Kd3 Ke6 36. Kc4 Bc7 37. Nd5 b5+ 38. Kc5 Bd6+ 39. Kc6 b4 40.
Nb6 Bf4 41. d5+ Ke7 42. Nc4 g5 43. d6+ Kd8 44. Na5 Bxd6 45. Kxd6 g4 46. hxg4
fxg4 47. Nc6+ Ke8 48. Nxb4 h5 49. Nd3 h4 50. Nf4 Kd8 51. Ke6 Kc7 52. Kf5 h3 53.
Nxh3 gxh3 54. gxh3 Kb6 55. h4 Kb5 56. h5 Kc4 1-0

[Event "Int. Stuttgarter Stadtmeisterschaft C"]
[Site "Ditzingen"]
[Date "2014.05.29"]
[Round "3.3"]
[White "Jelisavac, Nenad"]
[Black "Hilger, Herbert"]
[Result "1/2-1/2"]
[WhiteElo "1344"]
[BlackElo "1080"]
[PlyCount "51"]
[EventDate "2014.??.??"]
[WhiteTeam "SV Reutlingen"]
[BlackTeam "SV Stuttgart-Wolfbusch 1956 e.V."]

1. c4 e5 2. Nc3 Nf6 3. g3 Nc6 4. Bg2 Bb4 5. e3 O-O 6. Nge2 a6 7. O-O Re8 8. a3
Bc5 9. b4 Ba7 10. Bb2 d6 11. d4 exd4 12. exd4 Bg4 13. d5 Ne5 14. Qb3 Nd3 15.
Qc2 Nxb2 16. Qxb2 Nd7 17. h3 Bf5 18. Rad1 Ne5 19. Qb3 Bd3 20. Kh2 Bxc4 21. Qc2
Bxe2 22. Nxe2 Rc8 23. Rc1 Qf6 24. f4 Nd7 25. Nc3 Rcd8 26. Rfe1 1/2-1/2

[Event "Int. Stuttgarter Stadtmeisterschaft C"]
[Site "Ditzingen"]
[Date "2014.05.29"]
[Round "3.5"]
[White "Giebler, Kai"]
[Black "Reichmann, Bernd"]
[Result "1-0"]
[WhiteElo "1454"]
[BlackElo "1128"]
[PlyCount "59"]
[EventDate "2014.??.??"]
[WhiteTeam "TSF Ditzingen"]
[BlackTeam "SV Fellbach"]

1. e4 e5 2. Nf3 Nc6 3. d4 exd4 4. Nxd4 Nxd4 5. Qxd4 d6 6. Bf4 c5 7. Qd1 a6 8.
Bc4 Qf6 9. Bc1 Be6 10. Bxe6 Qxe6 11. O-O Be7 12. Nc3 Nf6 13. Bg5 h6 14. Bxf6
Bxf6 15. Nd5 Rc8 16. c3 O-O 17. Re1 Rfe8 18. Qh5 Qe5 19. Qxe5 Rxe5 20. Rad1 Rc6
21. f4 Re6 22. e5 dxe5 23. Nxf6+ gxf6 24. Rd8+ Kg7 25. f5 Red6 26. Rb8 b6 27.
Re3 Rd1+ 28. Kf2 Rcd6 29. Rg3+ Kh7 30. Rgg8 1-0

[Event "Int. Stuttgarter Stadtmeisterschaft C"]
[Site "Ditzingen"]
[Date "2014.05.29"]
[Round "3.6"]
[White "Sandmeyer, Alexander"]
[Black "Leutschaft, Jonathan"]
[Result "1-0"]
[WhiteElo "1257"]
[BlackElo "962"]
[PlyCount "81"]
[EventDate "2014.??.??"]
[WhiteTeam "Stuttgarter SF 1879"]
[BlackTeam "SF 59 Kornwestheim"]

1. e4 e5 2. Nf3 Nc6 3. Bb5 Nge7 4. O-O a6 5. Ba4 d6 6. h3 Be6 7. c3 Ng6 8. d4
d5 9. Nxe5 Ngxe5 10. dxe5 b5 11. exd5 Bxd5 12. Bc2 Nxe5 13. Bf4 f6 14. Nd2 Bd6
15. Ne4 Bxe4 16. Bxe4 Rb8 17. Qb3 Nc4 18. Rad1 Qc8 19. Bxd6 Nxd6 20. Bc6+ Kf8
21. Rfe1 Rb6 22. Bd5 g6 23. Rd2 Kg7 24. Rde2 Nb7 25. Re7+ Kh6 26. Qd1 Rd6 27.
Qc1+ g5 28. Bf3 Nc5 29. Qc2 Rd7 30. Qf5 Rd6 31. Qxc5 Rd7 32. Bg4 Rxe7 33. Qxe7
Qf8 34. Qxc7 Kg6 35. Qc6 h5 36. Qe4+ Kh6 37. Bf5 Rg8 38. Qe6 Rg7 39. Qxa6 Re7
40. Re6 Rxe6 41. Qxe6 1-0

[Event "Int. Stuttgarter Stadtmeisterschaft C"]
[Site "Ditzingen"]
[Date "2014.05.29"]
[Round "3.7"]
[White "Winterkorn, Nikolaus"]
[Black "Kobald, Jacqueline"]
[Result "1-0"]
[WhiteElo "1438"]
[BlackElo "1244"]
[PlyCount "92"]
[EventDate "2014.??.??"]
[WhiteTeam "DJK Sportbund Stuttgart e.V."]
[BlackTeam "SV Stuttgart-Wolfbusch 1956 e.V."]

1. Nf3 Nf6 2. d4 g6 3. Bg5 Bg7 4. Bxf6 Bxf6 5. e3 d6 6. Nbd2 O-O 7. Bd3 e5 8.
dxe5 dxe5 9. Ne4 Bg7 10. c3 Nc6 11. h3 Bf5 12. Qc2 Bxe4 13. Bxe4 Qf6 14. O-O
Rab8 15. Rad1 Kh8 16. Rd7 Rbc8 17. Rfd1 b6 18. Qa4 Na5 19. R1d5 Nc6 20. Rd2 Na5
21. R2d5 Nc6 22. Bd3 Qe6 23. Ba6 Rb8 24. Qd1 Ne7 25. Rd2 e4 26. Nh2 Be5 27. a3
Bd6 28. R7xd6 cxd6 29. Rxd6 Qf5 30. Ng4 Qc5 31. Nf6 Qa5 32. Be2 Rbc8 33. Nxe4
Nc6 34. Rd5 Rcd8 35. c4 Rxd5 36. cxd5 Nb8 37. Bf3 Rd8 38. Qd4+ Kg8 39. Nf6+ Kf8
40. Nxh7+ Kg8 41. Nf6+ Kf8 42. Qh4 Qc5 43. Nh7+ Ke8 44. Qe4+ Qe7 45. Qd4 Nd7
46. Qh8+ Nf8 1-0

[Event "Int. Stuttgarter Stadtmeisterschaft C"]
[Site "Ditzingen"]
[Date "2014.05.29"]
[Round "3.8"]
[White "Mei�ner, Mogens"]
[Black "Thomas, Leonhard"]
[Result "0-1"]
[WhiteElo "1049"]
[BlackElo "1340"]
[PlyCount "120"]
[EventDate "2014.??.??"]
[WhiteTeam "SK Bietigheim-Bissingen"]
[BlackTeam "SV Fellbach"]

1. e4 e5 2. Nf3 Nc6 3. Bc4 Bc5 4. c3 h6 5. d3 d6 6. O-O Nf6 7. Be3 Bxe3 8. fxe3
O-O 9. Nbd2 Re8 10. Qc2 Na5 11. Bb5 c6 12. Ba4 b5 13. Bb3 Nxb3 14. Nxb3 a5 15.
Nbd2 Bb7 16. Rfe1 Rc8 17. b3 c5 18. c4 b4 19. a3 Qc7 20. axb4 axb4 21. Ra2 Ra8
22. Rea1 Bc6 23. Rxa8 Rxa8 24. Rxa8+ Bxa8 25. d4 exd4 26. exd4 cxd4 27. Nxd4
Qc5 28. Qd3 Qe5 29. Nb5 Nxe4 30. Nxe4 Qxe4 31. Qxe4 Bxe4 32. Nd4 Kf8 33. g3 Ke7
34. Kf2 Kf6 35. Ke3 Ke5 36. h3 f5 37. Ne2 g5 38. h4 Bc2 39. Nd4 f4+ 40. gxf4+
gxf4+ 41. Kd2 Kxd4 42. Kxc2 f3 43. Kd2 f2 44. Ke2 Kc3 45. Kxf2 Kxb3 46. Ke3 Kc2
47. Kd4 b3 48. c5 dxc5+ 49. Kxc5 b2 50. Kd4 b1=Q 51. Ke5 Qb4 52. Kf6 Qxh4+ 53.
Ke5 Kd3 54. Kf5 Qe7 55. Kf4 Qe4+ 56. Kg3 Qf5 57. Kh4 Qg5+ 58. Kh3 Ke3 59. Kh2
Kf2 60. Kh1 Qg2# 0-1

[Event "Int. Stuttgarter Stadtmeisterschaft C"]
[Site "Ditzingen"]
[Date "2014.05.29"]
[Round "3.9"]
[White "Dendic, Amar"]
[Black "Hauger, Albrecht"]
[Result "1-0"]
[WhiteElo "1281"]
[BlackElo "1060"]
[PlyCount "68"]
[EventDate "2014.??.??"]
[WhiteTeam "Stuttgarter SF 1879"]
[BlackTeam "SC Magstadt"]

1. e4 c5 2. Nf3 d6 3. d4 cxd4 4. Nxd4 e6 5. c4 Nc6 6. Nc3 a6 7. Be3 Nf6 8. f3
g6 9. Qd2 Bg7 10. O-O-O O-O 11. g4 Qc7 12. Kb1 Rb8 13. g5 Ne8 14. h4 f6 15. h5
Qf7 16. hxg6 Qxg6 17. Bd3 Ne5 18. Be2 fxg5 19. Bxg5 Nf6 20. Bxf6 Qxf6 21. Rdg1
Rf7 22. Bd1 Bd7 23. b3 Ng6 24. Nde2 h6 25. Rg3 Ne5 26. f4 Nc6 27. Qxd6 Rc8 28.
e5 Qe7 29. Qxe7 Nxe7 30. Bc2 Nf5 31. Bxf5 exf5 32. Rxh6 Rc6 33. Rxc6 bxc6 34.
Nd4 c5 1-0

[Event "Int. Stuttgarter Stadtmeisterschaft C"]
[Site "Ditzingen"]
[Date "2014.05.29"]
[Round "3.10"]
[White "Ustaosman, Hasan"]
[Black "J�ttner, Mark"]
[Result "1-0"]
[WhiteElo "1007"]
[BlackElo "1267"]
[PlyCount "81"]
[EventDate "2014.??.??"]
[WhiteTeam "TSG Steinheim"]
[BlackTeam "SpVgg Rommelshausen"]

1. e4 e5 2. Nc3 Nf6 3. f4 d6 4. Nf3 Nc6 5. Bc4 Bg4 6. O-O Nd4 7. d3 Bxf3 8.
gxf3 g5 9. fxe5 dxe5 10. Rf2 g4 11. Bg5 gxf3 12. Nd5 Be7 13. c3 Ne6 14. Bxf6
Rg8+ 15. Kf1 Bxf6 16. Qxf3 Nf4 17. Nxf4 exf4 18. Qxf4 Rg6 19. e5 Qd7 20. exf6
Qh3+ 21. Ke2 O-O-O 22. Qf5+ Qxf5 23. Rxf5 Re8+ 24. Kf3 Rh6 25. Bxf7 Rf8 26.
Be6+ Kd8 27. Rd5+ Ke8 28. Bd7+ Kf7 29. Rf5 Rd8 30. Bb5 Rxh2 31. Bc4+ Kg6 32.
Rf4 Re8 33. Rg1+ Kh6 34. f7 Rf8 35. Rg8 Rh3+ 36. Kg4 Rh5 37. Rxf8 Rg5+ 38. Kf3
b5 39. Rg8 Rf5 40. Rxf5 b4 41. f8=Q# 1-0

[Event "Int. Stuttgarter Stadtmeisterschaft C"]
[Site "Ditzingen"]
[Date "2014.05.29"]
[Round "3.11"]
[White "Paulsen, Jonathan"]
[Black "Kobald, Pierre"]
[Result "1-0"]
[WhiteElo "1250"]
[BlackElo "999"]
[PlyCount "65"]
[EventDate "2014.??.??"]
[WhiteTeam "SC Stetten a.d.F."]
[BlackTeam "SV Stuttgart-Wolfbusch 1956 e.V."]

1. e4 c5 2. c3 Nc6 3. d4 d6 4. dxc5 dxc5 5. Qxd8+ Nxd8 6. Be3 e6 7. Nd2 Bd6 8.
f4 e5 9. fxe5 Bxe5 10. Bxc5 Bf4 11. O-O-O Ne6 12. Bf2 Ne7 13. Ne2 Bh6 14. g4
O-O 15. h4 f6 16. Ng3 Bxd2+ 17. Rxd2 b6 18. Bc4 Kh8 19. Be3 Bb7 20. Bxe6 Rad8
21. Rhd1 Nc6 22. Rd7 Rxd7 23. Rxd7 Bc8 24. Rd6 Bxe6 25. Rxe6 Ne5 26. Bd4 Nxg4
27. Re7 Ne5 28. Nf5 g6 29. Nd6 Nc6 30. Re8 Rxe8 31. Nxe8 Nxd4 32. cxd4 Kg8 33.
Nxf6+ 1-0

[Event "Int. Stuttgarter Stadtmeisterschaft C"]
[Site "Ditzingen"]
[Date "2014.05.29"]
[Round "3.12"]
[White "Froehlich, Franziska"]
[Black "Hoffmann, Julian"]
[Result "1-0"]
[WhiteElo "1237"]
[BlackElo "998"]
[PlyCount "106"]
[EventDate "2014.??.??"]
[WhiteTeam "SK e4 Gerlingen"]
[BlackTeam "Schach-Kids Bernhausen e.V."]

1. e4 e5 2. Nf3 Nc6 3. Bc4 Bc5 4. O-O Nf6 5. d3 h6 6. h3 O-O 7. c3 d6 8. Re1
Be6 9. Bb5 d5 10. exd5 Bxd5 11. Bxc6 bxc6 12. Nxe5 Re8 13. Bf4 Nd7 14. c4 Bd4
15. Nxd7 Rxe1+ 16. Qxe1 Bxb2 17. Nc3 Bxa1 18. Qxa1 Bxc4 19. dxc4 Qxd7 20. Qd1
Qe7 21. Be3 Rd8 22. Qg4 Qf6 23. Ne4 Qe5 24. Ng3 Qe6 25. Nf5 Qe5 26. Bxh6 g6 27.
Be3 Rb8 28. Nh6+ Kh7 29. Qd1 Kg7 30. Bd4 Qxd4 31. Qxd4+ Kxh6 32. Qf4+ Kg7 33.
Qxc7 Rb1+ 34. Kh2 Rb2 35. Qxa7 Re2 36. Qd4+ Kf8 37. a4 Ke8 38. a5 Ra2 39. Qb6
Kd7 40. a6 c5 41. a7 g5 42. Qb7+ Kd8 43. a8=Q+ Rxa8 44. Qxa8+ Kc7 45. Qd5 f5
46. Qxc5+ Kd7 47. Qb6 g4 48. hxg4 fxg4 49. c5 g3+ 50. Kxg3 Kc8 51. f4 Kd7 52.
c6+ Kc8 53. Qb7+ Kd8 1-0

[Event "Int. Stuttgarter Stadtmeisterschaft C"]
[Site "Ditzingen"]
[Date "2014.05.29"]
[Round "3.13"]
[White "Stecher, Oliver"]
[Black "Friedl, Bastian"]
[Result "1-0"]
[WhiteElo "1155"]
[BlackElo "994"]
[PlyCount "61"]
[EventDate "2014.??.??"]
[WhiteTeam "SSV Zuffenhausen"]
[BlackTeam "SF Freiberg"]

1. e4 e5 2. Bc4 Bc5 3. d3 d6 4. Ne2 Qf6 5. O-O Be6 6. Nec3 Bxc4 7. dxc4 c6 8.
Be3 Bd4 9. Qd2 Nh6 10. h3 a6 11. f4 Bxe3+ 12. Qxe3 exf4 13. Rxf4 Qe6 14. Qb6
Qd7 15. Nd2 Qc8 16. Raf1 O-O 17. Qe3 Nd7 18. Nf3 f6 19. Ne2 g5 20. Nxg5 fxg5
21. Rxf8+ Nxf8 22. Qxg5+ Ng6 23. Qxh6 Qe6 24. Nd4 Qd7 25. Nf5 Re8 26. Ng3 Re7
27. Nh5 Qe6 28. Rf8+ Nxf8 29. Nf6+ Kh8 30. Qxf8+ Qg8 31. Qxg8# 1-0

[Event "Int. Stuttgarter Stadtmeisterschaft C"]
[Site "Ditzingen"]
[Date "2014.05.29"]
[Round "3.14"]
[White "Bouhadjer, Youcef"]
[Black "Zacke, Tamara"]
[Result "0-1"]
[WhiteElo "970"]
[BlackElo "1143"]
[PlyCount "50"]
[EventDate "2014.??.??"]
[WhiteTeam "SC Neckarsulm e.V."]
[BlackTeam "SV Stuttgart-Wolfbusch 1956 e.V."]

1. e4 e5 2. Nf3 Nc6 3. d4 f6 4. d5 Na5 5. Bd2 c5 6. Nc3 Qb6 7. Na4 Qc7 8. b3 b6
9. Bd3 c4 10. Be2 Ba6 11. O-O b5 12. Nb2 c3 13. Be1 cxb2 14. Rb1 Ba3 15. h3 Rc8
16. Bxa5 Qxa5 17. Ne1 Qb4 18. Bd3 Ne7 19. Kh1 O-O 20. f3 f5 21. Rf2 Bb7 22. Qd2
Qc5 23. c4 bxc4 24. Bxc4 fxe4 25. fxe4 Rxf2 0-1

[Event "Int. Stuttgarter Stadtmeisterschaft C"]
[Site "Ditzingen"]
[Date "2014.05.29"]
[Round "3.16"]
[White "J�ttner, Dennis"]
[Black "Reichardt, Felix  Alexander"]
[Result "1-0"]
[WhiteElo "1098"]
[BlackElo "768"]
[PlyCount "71"]
[EventDate "2014.??.??"]
[WhiteTeam "SpVgg Rommelshausen"]
[BlackTeam "Schachfreunde Markgr�flerland e."]

1. e4 e6 2. Nf3 d5 3. exd5 exd5 4. d4 Nf6 5. Bd3 Nc6 6. Ne5 Nxe5 7. dxe5 Qe7 8.
O-O Ng4 9. Nc3 Qh4 10. h3 Nxe5 11. Re1 Bd6 12. Nxd5 O-O 13. Re4 Qd8 14. Qh5 g6
15. Qh6 Bf5 16. Rh4 Qxh4 17. Qxh4 Bxd3 18. cxd3 Nxd3 19. Qh6 Be5 20. Bg5 f5 21.
Ne7+ Kf7 22. Qxh7+ Ke8 23. Nxg6 Rf7 24. Qg8+ Rf8 25. Qxf8+ Kd7 26. Qxa8 Ke6 27.
Nxe5 Kxe5 28. Qe8+ Kd5 29. Rd1 Kd4 30. Be3+ Kc4 31. Qd7 Kb4 32. Rxd3 Kc4 33.
Qxc7+ Kb4 34. Rb3+ Ka4 35. Qc4+ Ka5 36. Qb5# 1-0

[Event "Int. Stuttgarter Stadtmeisterschaft C"]
[Site "Ditzingen"]
[Date "2014.05.29"]
[Round "3.18"]
[White "St�ckler, Klaus J"]
[Black "Hoffmann, Simon"]
[Result "1-0"]
[WhiteElo "1224"]
[BlackElo "785"]
[PlyCount "25"]
[EventDate "2014.??.??"]
[WhiteTeam "SC Grunbach"]
[BlackTeam "Schach-Kids Bernhausen e.V."]

1. d4 d5 2. c4 e6 3. e3 Bb4+ 4. Bd2 Qe7 5. a3 Bxd2+ 6. Nxd2 dxc4 7. Bxc4 Qg5 8.
Qf3 Nc6 9. Nb3 Bd7 10. Nc5 O-O-O 11. b4 Kb8 12. a4 Nxb4 13. Qxb7# 1-0

[Event "Int. Stuttgarter Stadtmeisterschaft C"]
[Site "Ditzingen"]
[Date "2014.05.29"]
[Round "3.19"]
[White "Pillin, Josef"]
[Black "Ungerer, Tobias"]
[Result "0-1"]
[WhiteElo "786"]
[BlackElo "1045"]
[PlyCount "36"]
[EventDate "2014.??.??"]
[WhiteTeam "SSV Zuffenhausen"]
[BlackTeam "Schach-Kids Bernhausen e.V."]

1. e4 e5 2. Nf3 Nc6 3. Bc4 Nf6 4. d3 Bc5 5. O-O d6 6. Nc3 h6 7. Be3 Bb6 8. Rb1
Bg4 9. b3 Nd4 10. Nb5 Nxf3+ 11. gxf3 Bh3 12. Re1 Nd7 13. d4 Qf6 14. Kh1 exd4
15. Bxd4 Bxd4 16. Nxc7+ Kd8 17. Nxa8 Be5 18. Bf1 Qf4 0-1

[Event "Int. Stuttgarter Stadtmeisterschaft C"]
[Site "Ditzingen"]
[Date "2014.05.29"]
[Round "3.20"]
[White "Kappler, Roswitha"]
[Black "Hdya, Mohammad"]
[Result "0-1"]
[WhiteElo "764"]
[BlackElo "928"]
[PlyCount "42"]
[EventDate "2014.??.??"]
[WhiteTeam "SG Fasanenhof"]
[BlackTeam "SF Freiberg"]

1. e4 e6 2. Nc3 Qf6 3. f3 Bc5 4. Nge2 Ne7 5. d4 Bb6 6. g3 e5 7. Nd5 Qd6 8. Nxb6
axb6 9. Bd2 Nbc6 10. Bc3 exd4 11. Nxd4 Nxd4 12. Qd2 Nxf3+ 13. Ke2 Nxd2 14. Bxd2
O-O 15. Bh3 Qc5 16. c3 Ra4 17. Bg2 Qb5+ 18. Kd1 Qxb2 19. Ke2 d5 20. Kf3 Qxd2
21. Bh3 dxe4# 0-1

[Event "Int. Stuttgarter Stadtmeisterschaft C"]
[Site "Ditzingen"]
[Date "2014.05.29"]
[Round "3.21"]
[White "Perez Berroth, Pablo"]
[Black "Aksit, Ali Tayyib"]
[Result "0-1"]
[WhiteElo "867"]
[BlackElo "725"]
[PlyCount "32"]
[EventDate "2014.??.??"]
[WhiteTeam "SSV Zuffenhausen"]
[BlackTeam "SF Freiberg"]

1. e4 e5 2. d4 Bd6 3. Nf3 Nc6 4. Bc4 h6 5. O-O Nf6 6. Nc3 O-O 7. Bd2 Qe7 8. d5
Nd4 9. Be3 Bc5 10. Bxd4 exd4 11. Nxd4 Nxe4 12. Na4 Bd6 13. Re1 Qh4 14. Nf3
Qxf2+ 15. Kh1 Bxh2 16. Nxh2 Ng3# 0-1

[Event "Int. Stuttgarter Stadtmeisterschaft C"]
[Site "Ditzingen"]
[Date "2014.05.30"]
[Round "4.2"]
[White "Giebler, Kai"]
[Black "Mijic, Marcel"]
[Result "0-1"]
[WhiteElo "1454"]
[BlackElo "1198"]
[PlyCount "114"]
[EventDate "2014.??.??"]
[WhiteTeam "TSF Ditzingen"]
[BlackTeam "SF Birkenfeld"]

1. e4 e5 2. Nf3 Nf6 3. Nxe5 d6 4. Nf3 Nxe4 5. Qe2 Qe7 6. d3 Nf6 7. Nc3 Bg4 8.
Qxe7+ Bxe7 9. Be2 Nc6 10. O-O Ne5 11. Nxe5 dxe5 12. Bxg4 Nxg4 13. h3 Nf6 14.
Re1 Nd7 15. Nd5 Bd6 16. d4 O-O-O 17. dxe5 Bxe5 18. Nf4 Rhe8 19. Nd3 Bd4 20. Be3
Bxe3 21. fxe3 Nf6 22. Rad1 Rd6 23. Kh2 Rde6 24. Kg3 Rxe3+ 25. Rxe3 Rxe3+ 26.
Kf2 Re6 27. Nf4 Re5 28. Rd3 Ne4+ 29. Kg1 Nd6 30. Rg3 g6 31. Ra3 a6 32. Nd3 Re2
33. c3 Rd2 34. Ne5 Rxb2 35. c4 Re2 36. Ra5 c6 37. Ng4 Nxc4 38. Ra4 Nb6 39. Ra5
Re6 40. Kf2 Kd7 41. Kf3 Kd6 42. Ne3 c5 43. g4 Nd5 44. Nc4+ Kc6 45. h4 Nb4 46.
Ra3 Kd5 47. Ne3+ Kd4 48. Nf1 c4 49. Ra4 Nd5 50. Nd2 b5 51. Ra5 Kd3 52. Nf1 c3
53. Ra3 b4 54. Rb3 a5 55. Rb1 c2 56. Rc1 Ne3 57. Nxe3 Rxe3+ 0-1